000 00504nam a2200169 a 4500
001 000031061
005 20200930062659.0
008 110613s2004 dr 000 0 spa d
040 _aDO-SdBNP
_bspa
_cBNPHU
082 _axxxx
_bG943p, 2004
245 0 0 _aGuía del probanista.
250 _a2a ed.
260 _aSanto Domingo :
_bInstituto Voluntas Dei,
_c2004.
300 _a1 v. en varia paginaciones.
504 _aIncluye referencias bibliográficas y notas al pié de las páginas
049 _aBNPD
999 _c30553
_d30553